| 000 | 00545nam a2200205Ia 4500 | ||
|---|---|---|---|
| 003 | OSt | ||
| 005 | 20221116111055.0 | ||
| 008 | 210210b1998 xxu||||| |||| 00| 0 eng d | ||
| 040 |
_aAL _c |
||
| 041 | _aEnglish | ||
| 082 | _a657.046 RAMA | ||
| 100 |
_aRAMAN (B S) _917665 |
||
| 245 | _aAdvanced Accountancy : for second B.Com Part 1 and Part 2 | ||
| 260 |
_aMangalore _bUnited Publishers _c1998 |
||
| 300 | _a1529 | ||
| 650 |
_aAdvanced accountancy II B Com _917666 |
||
| 690 |
_aAccountancy _917667 |
||
| 906 | _a056618 | ||
| 942 |
_2ddc _cBK |
||
| 999 |
_c103882 _d103882 |
||